Stadi della Premier League - Statistics

Statistiche generali
  • Questo quiz è stato fatto 109 volte
  • Il punteggio medio è 9 su 20
Statistiche sulle risposte
Squadra Capienza Stadio % Corretto
Liverpool 61.276 Anfield
98%
Man. United 74.879 Old Trafford
91%
Chelsea 40.341 Stamford Bridge
86%
Arsenal 60.260 Emirates Stadium
81%
Man. City 53.400 Etihad Stadium
73%
Aston Villa 42.640 Villa Park
69%
Tottenham 62.850 Tottenham Hotspur Stadium
66%
Fulham 25.700 Craven Cottage
57%
Newcastle 52.409 St. James' Park
50%
West Ham 59.623 London Stadium
36%
Wolves 32.050 Molineux Stadium
30%
Brighton 31.876 American Express Stadium
29%
Leicester 32.312 King Power Stadium
28%
Brentford 17.250 Brentford Community Stadium
27%
Crystal Palace 25.456 Selhurst Park
27%
Southampton 32.384 St. Mary's Stadium
24%
Bournemouth 11.700 Vitality Stadium
24%
N. Forest 30.445 City Ground
22%
Everton 52.888 Everton Stadium
15%
Ipswich 29.673 Portman Road Stadium
2%
Nessun quiz corrispondente trovato
Distribuzione punteggi
Percentuale di utenti per punteggio
Percentile per numero di risposta
I tuoi punteggi nel tempo
Non hai fatto questo quiz